| 000 | 00422nam a2200193Ia 4500 | ||
|---|---|---|---|
| 005 | 20250603145532.0 | ||
| 008 | 250603s9999 xx 000 0 und d | ||
| 020 | _a9780230524972 | ||
| 050 | _aJC 11 .H49/ | ||
| 100 | _aHeywood, Andrew | ||
| 245 | 0 | _aPolitics | |
| 250 | _a3rd ed. | ||
| 260 | _aEngland | ||
| 260 | _bPalgrave Macmillian | ||
| 260 | _c2007 | ||
| 300 | _a478 p | ||
| 650 | _aEngland | ||
| 942 | _cBK | ||
| 999 |
_c42143 _d42143 |
||